000 00727nam a2200229 i 4500
001 bg
245 0 0 _aTipovye testy po russkomu jazyku kak inostrannomu :
_bpervyj sertifikacionnyj uroven' : obščee vladenie /
_cAndrjus~5ina H.
_nP. [et al.].
260 _aMoskva :
_b"Zlatoust",
_c1999.
300 _a80, [8] s. ;
_c28 cm +
_ekaseta dźw.
650 _aEgzaminy
650 _aJęzyk rosyjski
655 _aPodręcznik
700 _aANDRJUŠINA, H.P.
020 _a5865471074
040 _cBPK
041 0 _aru
080 _a811.161.1(075.8)(076):371.27
920 _a5-86547-107-4
942 _cKS
008 s pl f |000 0 pol
999 _c39911
_d39911